000 00365pab a2200145 454500
008 180718b1987 xxu||||| |||| 00| 0 eng d
100 _aReddy, Y.R.K.
245 _aStrategicapproach to labour relations
260 _c1987
300 _a64-71
362 _aJuly
650 _aLabour Relations
773 _aIndian Journal of Industrial Relations
909 _a11915
999 _c11915
_d11915